| 000 | 00399nam a22001817a 4500 | ||
|---|---|---|---|
| 999 |
_c11549 _d11549 |
||
| 003 | OSt | ||
| 008 | 220923b ||||| |||| 00| 0 eng d | ||
| 020 | _a9789391392253 | ||
| 082 | _a005.133 KAL | ||
| 100 | _aKANETKAR,Yashavant | ||
| 245 | _aLet us Python | ||
| 250 | _a4th | ||
| 260 |
_aNew Delhi _bBPB _c2019 |
||
| 300 | _a453 | ||
| 650 | _aIT | ||
| 700 | _aKANETKAR,Aditya | ||
| 942 |
_2ddc _cBK |
||